MDQL
is popping MORE tags! Check the
thread
!
Quizzes
Events
Quiz Creation
Community
Videos
Private Events
Remove Ads
Sign In
Join for FREE
Feedback
Dark Mode
Quiz Categories
Sports
Geography
Music
Movies
Television
Just For Fun
Miscellaneous
History
Literature
Language
Science
Gaming
Entertainment
Religion
Holiday
For Kids
Quiz Lab
Recent
Popular Today
Quiz Kudos Today
Editor Picks
Curator Picks
Quizzes by...
Day
Popularity
Type
Ratings
Length
Year
Community
Subscriptions
Recent Discussions
Orange Saloon
Badges
Playlists
Quests
Create
Leaderboards
Showdown
Live 5
Trivia Bingo
Activity
Puzzle Library
Sporcle Events
Private Events
Virtual Trivia
Globe League
Become a Host
Pub Owners
SporcleCon
Opinionation
Our Games
Videos
Blog
Mobile Apps
Partnerships
Remove Ads and Go Orange
Feedback
Literature
Harry Potter
A Song of Ice and Fire
The Hunger Games
Literary Character
Shakespeare
Book
Author
Novel
Poem
Young Adult
Children's Books
Play
Lord of the Rings
Literature
Harry Potter
A Song of Ice and Fire
The Hunger Games
Literary Character
Shakespeare
Book
Author
Novel
Poem
Young Adult
Children's Books
Play
Lord of the Rings
Random Quiz
Search Sporcle
×
Quiz Lab
Quiz Lab
Literature
Clickable
Select answers by clicking on text or image buttons
Select answers by clicking on text or image buttons
Clickable
Best Score? Go Orange.
Greek, Latin or Cyrillic? Stats
Can you determine in which set of alphabet each of the CAPITAL letters belong to?
By
Tonza90
5m
55 Questions
27 Plays
27 Plays
27 Plays
Comments
Comments
Give Quiz Kudos
Give Quiz Kudos
-
- Ratings
hide this ad
More Info
Forced Order
Answers have to be entered in order
Answers have to be entered in order
Replay
Link that replays current quiz
Next Quiz
Link to next quiz in quiz playlist
You Got
0%
They Got
Avg Score
56%
Avg Friend Score
Upgrade to see
Score Distribution
Jump to the score distribution portion of the page
Score
0/55
Timer
05:00
0
Plays Today
% Correct
Latin
74.1%
Greek
74.1%
Cyrillic
74.1%
Latin
70.4%
Cyrillic
70.4%
Latin
66.7%
Latin
66.7%
Latin
66.7%
Greek
66.7%
Greek
66.7%
Greek
66.7%
Cyrillic
66.7%
Cyrillic
66.7%
Cyrillic
66.7%
Cyrillic
66.7%
Cyrillic
66.7%
Latin
63%
Latin
63%
Greek, Latin and Cyrillic
63%
Latin
63%
Latin
63%
Latin
63%
Greek
63%
Greek
63%
Cyrillic
63%
Cyrillic
63%
Cyrillic
63%
Latin
59.3%
% Correct
Greek, Latin and Cyrillic
59.3%
Cyrillic
59.3%
Cyrillic
59.3%
Cyrillic
59.3%
Cyrillic
59.3%
Cyrillic
59.3%
Cyrillic
55.6%
Greek and Latin
51.9%
Greek
51.9%
Cyrillic
51.9%
Cyrillic
51.9%
Cyrillic
51.9%
Greek, Latin and Cyrillic
48.1%
Greek, Latin and Cyrillic
48.1%
Greek, Latin and Cyrillic
48.1%
Greek, Latin and Cyrillic
48.1%
Greek, Latin and Cyrillic
48.1%
Greek, Latin and Cyrillic
44.4%
Greek, Latin and Cyrillic
44.4%
Latin and Cyrillic
40.7%
Greek and Cyrillic
40.7%
Greek and Cyrillic
40.7%
Latin
37%
Greek and Latin
33.3%
Greek and Latin
25.9%
Greek
22.2%
Greek and Latin
14.8%
Quiz Playlist
Details
Report
Send in Message
Add To Playlist
More Info:
Note: Capital letters only. Cyrillic refers to the slavic cyrillic letters.
Clickable:
Select answers by clicking on text or image buttons
Forced Order:
Answers have to be entered in order
Quiz Source
Last Updated: May 11, 2020
Quiz Scoreboard
CHALLENGE
Sign Up to Join the Scoreboard
Show All
Scores
Hide
Comments
May contain spoilers
Recently Published
1-10 Letter E Words III
by El_Dandy
Language
2m
Street Fighter Characters
by Artimus82
Gaming
60s
College Basketball Coaching Resumes
by pancakes188
Sports
9m
More to Explore
Quiz From the Vault
Featured Blog Post
Where Did the Easter Bunny Come From?
hide this ad
You Might Also Like...
Tags
Alphabet Quiz
Capital Quiz
Clickable Quiz
Latin Quiz
Letter Quiz
Cyrillic
Determine
Greek
set
Today's Top Quizzes in Literature
Browse Literature
hide this ad
Today's Top Quizzes in Clickable
Browse Clickable
Top Contributed Quizzes in Literature
1
Sneaky Slytherin Logic Puzzle
2
Get The Picture: Black or White Literature
3
5-to-1: Plays
4
One Thing in Common: Literature
5
A Court of Thorns and Roses (ACoTaR) Logic Puzzle
6
One Thing in Common: Literature II
7
One Thing in Common: Books
8
One Thing in Common: Literature 3
9
'Middle' Earth
10
One Thing in Common: Books II
Explore More
Trending Topics
Harry Potter
Marvel
Crossword
NBA
Disney
Anime
Kpop
Country
Song
NFL
WWE
Soccer
The Office
Puzzle
Pokémon
hide this ad
More By:
Tonza90
Quiz
Plays
Rating
Category
Featured
Created
Megacities in 2050
2,591
2.77
Geography
Aug 24, 2014
White Christmas in Europe
1,733
3.27
Geography
Dec 24, 2017
Game of Thrones Big Houses Connect
1,005
3.62
Literature
Oct 11, 2014
F1 season 2017 starter pack
624
5.00
Sports
Mar 6, 2017
F1 season 2021 starter pack
544
5.00
Sports
Mar 18, 2021
Go to Creator's Profile
Score Distribution
Quiz Creator Spotlight
Tonza90
Follow
Send a Message
Quizzes Created
-
Created Quiz Play Count
-
More By This Creator
Popular Quizzes Today
1
Find the US States - No Outlines Minefield
2
Find the Countries of Europe - No Outlines Minefield
3
The Countries of the World
4
Find the US States
5
Risky Map Clicking: Biggest States A-Z
6
US States
7
Popular People in 1961
8
Movies - When Are They Set?
More Literature Quizzes
Greek Classic Crossovers
Editor's Pick
Trending Quizzes
Risky Map Clicking: Least Populous States A-Z
1-10 Letter G Words
1-10 Letter F Words
Countries of the World: 200 Million BC
Risky Map Clicking: Next State Alphabetically
Recently Updated
Most Oscar Losses (Acting)
pecheneg
Beyoncé Albums
pecheneg
Leaping Animals
pecheneg
Reality TV Shows (A-Z)
bhenderson79
Rickey Henderson's Hall of Fame Teammates
pecheneg
Champions League XIs: Arsenal
pecheneg
Quick Pick: Celebrities in WWE's Hall of Fame
aduchscher
A-Z Keypad Blitz II
pecheneg
Multiple Oscar Actors
pecheneg
Mystery Phrase Blitz: Oscar 'Best Actors'
pecheneg
Trending Topics
Crossword
Disney
Marvel
NBA
Harry Potter
Anime
Kpop
WWE
Pokémon
Puzzle
Country
The Office
NFL
Song
Soccer
Your Account Isn't Verified!
In order to create a playlist on Sporcle, you need to verify the email address you used during registration. Go to your
Sporcle Settings
to finish the process.
Report this User
Report this user for behavior that violates our
Community Guidelines
.
Details:
Send Report
Go to the Sporcle.com Mobile Site →
Comments